[Event "GER-ch53 V11 email"]
[Site "GER email"]
[Date "2021.04.21"]
[Round "?"]
[White "Steiger, Walter"]
[Black "Mihatsch, Thomas"]
[Result "1/2-1/2"]
[WhiteElo "2143"]
[BlackElo "2149"]
[PlyCount "51"]
[EventDate "2021.04.21"]
[EventType "tourn (corr)"]
[EventRounds "10"]
[EventCountry "GER"]
[SourceTitle "Corr 2024"]
[Source "ChessBase"]
[SourceDate "2023.10.19"]
[SourceVersion "1"]
[SourceVersionDate "2023.10.19"]
[SourceQuality "1"]

1. d4 Nf6 2. c4 e6 3. g3 d5 4. Bg2 Bb4+ 5. Bd2 Be7 6. Nf3 0-0 7. 0-0 c6 8. Qc2 b6 9. Rd1 Nbd7 10. Bf4 Ba6 11. cxd5 cxd5 12. Ne5 Nxe5 13. dxe5 Ng4 14. Bf3 f5 15. exf6 Nxf6 16. Qa4 Bb7 17. Nd2 Qe8 18. Qxe8 Rfxe8 19. Rac1 Rac8 20. Nc4 Ne4 21. Ne5 Rxc1 22. Rxc1 Bd6 23. h4 Rc8 24. Rxc8+ Bxc8 25. h5 Kf8 26. Bxe4 1/2-1/2

[Event "GER-ch52 V11 email"]
[Site "GER email"]
[Date "2020.04.16"]
[Round "?"]
[White "Ketelhoehn, Bernd"]
[Black "Mihatsch, Thomas"]
[Result "1/2-1/2"]
[WhiteElo "2367"]
[BlackElo "2409"]
[PlyCount "74"]
[EventDate "2020.??.??"]
[EventType "tourn (corr)"]
[EventRounds "10"]
[EventCountry "GER"]
[SourceTitle "Corr 2022"]
[Source "ChessBase"]
[SourceDate "2021.10.24"]
[SourceVersion "1"]
[SourceVersionDate "2021.10.24"]
[SourceQuality "1"]

1. e4 e5 2. Nf3 Nc6 3. Bb5 a6 4. Ba4 Nf6 5. 0-0 b5 6. Bb3 Bc5 7. a4 Bb7 8. d3 0-0 9. Nc3 Na5 10. Ba2 b4 11. Ne2 Re8 12. Be3 Bf8 13. Ng3 b3 14. cxb3 d5 15. Rc1 Nc6 16. Bb1 Nb4 17. exd5 Nbxd5 18. Bd2 Nf4 19. Re1 Nxd3 20. Bxd3 Qxd3 21. Nxe5 Qd5 22. Nf3 Rxe1+ 23. Bxe1 Qxd1 24. Rxd1 Bd5 25. Nh5 Bxb3 26. Nxf6+ gxf6 27. Rd4 f5 28. Bc3 c5 29. Rd3 Bxa4 30. Ne5 f4 31. h3 h5 32. Nd7 Bxd7 33. Rxd7 Bg7 34. Bxg7 Kxg7 35. Rd5 c4 36. Rxh5 Rb8 37. Rc5 Rb4 1/2-1/2

[Event "GER-ch52 V11 email"]
[Site "GER email"]
[Date "2020.04.16"]
[Round "?"]
[White "Mihatsch, Thomas"]
[Black "Kermer, Wolf Dieter"]
[Result "1/2-1/2"]
[WhiteElo "2409"]
[BlackElo "2386"]
[PlyCount "40"]
[EventDate "2020.??.??"]
[EventType "tourn (corr)"]
[EventRounds "10"]
[EventCountry "GER"]
[SourceTitle "Corr 2022"]
[Source "ChessBase"]
[SourceDate "2021.10.24"]
[SourceVersion "1"]
[SourceVersionDate "2021.10.24"]
[SourceQuality "1"]

1. e4 c5 2. Nf3 d6 3. d4 cxd4 4. Nxd4 Nf6 5. Nc3 a6 6. h3 g6 7. g4 Bg7 8. Be3 0-0 9. Qd2 b5 10. 0-0-0 Bb7 11. f3 b4 12. Nce2 Qc7 13. h4 e5 14. h5 exd4 15. Nxd4 Re8 16. Bh6 Nc6 17. Nf5 Nxe4 18. hxg6 Nxd2 19. gxh7+ Kxh7 20. Bxg7+ Kg6 1/2-1/2

[Event "GER-ch50 final email"]
[Site "GER email"]
[Date "2020.04.12"]
[Round "?"]
[White "Rio, Roland Del"]
[Black "Mihatsch, Thomas"]
[Result "1/2-1/2"]
[WhiteElo "2447"]
[BlackElo "2409"]
[PlyCount "110"]
[EventDate "2020.??.??"]
[EventType "tourn (corr)"]
[EventRounds "14"]
[EventCountry "GER"]
[SourceTitle "Corr 2022"]
[Source "ChessBase"]
[SourceDate "2021.10.24"]
[SourceVersion "1"]
[SourceVersionDate "2021.10.24"]
[SourceQuality "1"]

1. Nf3 d5 2. d4 Nf6 3. c4 e6 4. Nc3 Bb4 5. Bg5 dxc4 6. e4 h6 7. Bxf6 Qxf6 8. Bxc4 c5 9. 0-0 cxd4 10. e5 Qd8 11. Ne4 0-0 12. Qe2 Be7 13. Rfd1 Qa5 14. a3 Rd8 15. b4 Qb6 16. g4 Nd7 17. Rac1 Nf8 18. g5 hxg5 19. Nfxg5 Bd7 20. Rd3 Bxg5 21. Nxg5 Be8 22. Re1 Rac8 23. Rg3 Rxc4 24. Qxc4 Ng6 25. Qd3 Bb5 26. Qd1 d3 27. Nxf7 d2 28. Nxd8 dxe1Q+ 29. Qxe1 Nf4 30. Qd2 Ne2+ 31. Kg2 Nxg3 32. Kxg3 Qc7 33. Qd6 Qc3+ 34. Kg2 Qc2 35. Qxe6+ Kh7 36. Qg4 Qb1 37. Qh4+ Kg8 38. h3 Qd3 39. Kh2 Qd5 40. Qg5 Bc4 41. Kg3 Bf1 42. Kh2 Kf8 43. h4 Ke8 44. h5 Qxd8 45. Qxg7 Qh4+ 46. Kg1 Bb5 47. Qg6+ Kd8 48. Qd6+ Bd7 49. Qf8+ Be8 50. Qd6+ Kc8 51. Qc5+ Bc6 52. Qf8+ Kd7 53. Qd6+ Ke8 54. Qg6+ Kd8 55. Qd6+ Ke8 1/2-1/2

[Event "GER-ch50 V04 email"]
[Site "GER email"]
[Date "2018.05.15"]
[Round "?"]
[White "Vogel, Detlef"]
[Black "Mihatsch, Thomas"]
[Result "0-1"]
[WhiteElo "2370"]
[BlackElo "2335"]
[PlyCount "100"]
[EventDate "2018.??.??"]
[EventType "tourn (corr)"]
[EventRounds "10"]
[EventCountry "GER"]
[SourceTitle "Corr 2022"]
[Source "ChessBase"]
[SourceDate "2021.10.24"]
[SourceVersion "1"]
[SourceVersionDate "2021.10.24"]
[SourceQuality "1"]

1. e4 e5 2. Nf3 Nc6 3. Bb5 Nf6 4. 0-0 Nxe4 5. d4 Nd6 6. Bxc6 dxc6 7. dxe5 Nf5 8. Qxd8+ Kxd8 9. Nc3 Ke8 10. h3 h5 11. Bg5 Be6 12. Rfd1 Be7 13. b3 h4 14. Kf1 a5 15. Bf4 b5 16. Ne2 b4 17. c4 a4 18. Rab1 c5 19. Bc1 Rd8 20. Bg5 Rd7 21. Rbc1 f6 22. Bf4 Rg8 23. Bh2 g5 24. exf6 Bxf6 25. Be5 Be7 26. Ba1 Rd6 27. Re1 Kd8 28. Rcd1 Bf7 29. Ne5 Be8 30. Nc1 Rf8 31. Ng4 Kc8 32. Nd3 Bh5 33. Be5 Ra6 34. Nc1 a3 35. Ba1 Rd6 36. Rd3 Bg6 37. Rxd6 cxd6 38. Ke2 Bd8 39. Rd1 Bh5 40. Kd2 Re8 41. Nd3 Re6 42. Re1 Kd7 43. Rg1 Ke8 44. Bh8 Kf8 45. Ba1 Kf7 46. Rf1 Re4 47. Ne3 Kg8 48. Ne1 Nxe3 49. fxe3 Re8 50. Nf3 Bg6 0-1

[Event "GER-ch49 V03 email"]
[Site "GER email"]
[Date "2017.03.27"]
[Round "?"]
[White "Fritsche, Frank"]
[Black "Mihatsch, Thomas"]
[Result "1/2-1/2"]
[WhiteElo "2132"]
[BlackElo "2114"]
[PlyCount "57"]
[EventDate "2017.??.??"]
[EventType "tourn (corr)"]
[EventRounds "10"]
[EventCountry "GER"]
[SourceTitle "Corr 2020"]
[Source "ChessBase"]
[SourceDate "2019.09.30"]
[SourceVersion "1"]
[SourceVersionDate "2019.09.30"]
[SourceQuality "1"]

1. e4 e5 2. Nf3 Nc6 3. d4 exd4 4. Nxd4 Nf6 5. Nxc6 bxc6 6. Bd3 d5 7. Qe2 dxe4 8. Nc3 Bb4 9. Bxe4 Bxc3+ 10. bxc3 Nxe4 11. Qxe4+ Qe7 12. Qxe7+ Kxe7 13. Bf4 Rb8 14. 0-0-0 Rb7 15. Rhe1+ Be6 16. Rd4 Rhb8 17. Kd2 h6 18. a3 g5 19. Be3 Rb2 20. h4 R8b5 21. hxg5 hxg5 22. c4 Ra5 23. Rd3 Rb8 24. Kc1 Re5 25. Red1 Ra5 26. g3 Kf6 27. Rb3 Rg8 28. Rd4 Ke5 29. Rb7 1/2-1/2

[Event "GER-ch49 V03 email"]
[Site "GER email"]
[Date "2017.03.27"]
[Round "?"]
[White "Koch, Hans Georg"]
[Black "Mihatsch, Thomas"]
[Result "1/2-1/2"]
[WhiteElo "2041"]
[BlackElo "2114"]
[PlyCount "35"]
[EventDate "2017.??.??"]
[EventType "tourn (corr)"]
[EventRounds "10"]
[EventCountry "GER"]
[SourceTitle "Corr 2020"]
[Source "ChessBase"]
[SourceDate "2019.09.30"]
[SourceVersion "1"]
[SourceVersionDate "2019.09.30"]
[SourceQuality "1"]

1. e4 e5 2. Nf3 Nc6 3. Bb5 Nf6 4. Bxc6 dxc6 5. d3 Bd6 6. Nbd2 0-0 7. Nc4 Re8 8. Bg5 b5 9. Ne3 Bc5 10. 0-0 h6 11. Bh4 Qd6 12. Re1 Nh5 13. Qd2 a5 14. a4 Bd7 15. Kh1 Nf4 16. Bg3 Nh5 17. Bh4 Nf4 18. Bg3 1/2-1/2

[Event "GER-ch49 V03 email"]
[Site "GER email"]
[Date "2017.03.27"]
[Round "?"]
[White "Mihatsch, Thomas"]
[Black "Emrich, Eiko"]
[Result "1/2-1/2"]
[WhiteElo "2114"]
[BlackElo "2119"]
[PlyCount "50"]
[EventDate "2017.??.??"]
[EventType "tourn (corr)"]
[EventRounds "10"]
[EventCountry "GER"]
[SourceTitle "Corr 2022"]
[Source "ChessBase"]
[SourceDate "2021.10.24"]
[SourceVersion "1"]
[SourceVersionDate "2021.10.24"]
[SourceQuality "1"]

1. e4 e6 2. d4 d5 3. Nc3 Nf6 4. e5 Nfd7 5. f4 c5 6. Nf3 Nc6 7. Be3 cxd4 8. Nxd4 Qb6 9. Qd2 Qxb2 10. Rb1 Qa3 11. Bb5 Nxd4 12. Bxd4 a6 13. Bxd7+ Bxd7 14. Rb3 Qe7 15. Rxb7 Rc8 16. 0-0 Qd8 17. f5 exf5 18. Qd3 Bc5 19. Bxc5 Rxc5 20. Nxd5 Bb5 21. Qxf5 0-0 22. c4 Bxc4 23. Rd7 Rxd5 24. Rxd8 Rdxd8 25. Ra1 Rd4 1/2-1/2

[Event "GER-ch49 V03 email"]
[Site "GER email"]
[Date "2017.03.27"]
[Round "?"]
[White "Mihatsch, Thomas"]
[Black "Koentges, Markus"]
[Result "1/2-1/2"]
[WhiteElo "2114"]
[BlackElo "2111"]
[PlyCount "36"]
[EventDate "2017.??.??"]
[EventType "tourn (corr)"]
[EventRounds "10"]
[EventCountry "GER"]
[SourceTitle "Corr 2020"]
[Source "ChessBase"]
[SourceDate "2019.09.30"]
[SourceVersion "1"]
[SourceVersionDate "2019.09.30"]
[SourceQuality "1"]

1. e4 e5 2. Nf3 Nc6 3. Bb5 a6 4. Ba4 Nf6 5. 0-0 Be7 6. Re1 b5 7. Bb3 0-0 8. c3 d5 9. exd5 Nxd5 10. Nxe5 Nxe5 11. Rxe5 c6 12. d3 Bd6 13. Re1 Bf5 14. Qf3 Qf6 15. Nd2 Qg6 16. Bd1 Bxd3 17. Ne4 Bxe4 18. Qxe4 f5 1/2-1/2

[Event "GER-ch49 V03 email"]
[Site "GER email"]
[Date "2017.03.27"]
[Round "?"]
[White "Mihatsch, Thomas"]
[Black "Lehnhoff, Heinz Georg"]
[Result "1/2-1/2"]
[WhiteElo "2114"]
[BlackElo "2064"]
[PlyCount "67"]
[EventDate "2017.??.??"]
[EventType "tourn (corr)"]
[EventRounds "10"]
[EventCountry "GER"]
[SourceTitle "Corr 2020"]
[Source "ChessBase"]
[SourceDate "2019.09.30"]
[SourceVersion "1"]
[SourceVersionDate "2019.09.30"]
[SourceQuality "1"]

1. e4 c5 2. Nf3 d6 3. d4 cxd4 4. Nxd4 Nf6 5. Nc3 a6 6. Bg5 e6 7. f4 h6 8. Bh4 Qb6 9. a3 Be7 10. Bf2 Qc7 11. Qf3 Nbd7 12. 0-0-0 b5 13. g4 g5 14. h4 gxf4 15. Be2 Ne5 16. Qxf4 Nexg4 17. Bxg4 e5 18. Nd5 Nxd5 19. Qf3 Nf6 20. Bxc8 Rxc8 21. c3 Rg8 22. Nf5 a5 23. Rhf1 b4 24. Nxe7 Qxe7 25. Bb6 Rg6 26. Bxa5 bxa3 27. bxa3 Qe6 28. h5 Rg4 29. Qxf6 Qa2 30. Qh8+ Ke7 31. Qxc8 Qxa3+ 32. Kd2 Qb2+ 33. Kd3 Qb5+ 34. Kc2 1/2-1/2

[Event "GER-ch49 V03 email"]
[Site "GER email"]
[Date "2017.03.27"]
[Round "?"]
[White "Ries, Berthold"]
[Black "Mihatsch, Thomas"]
[Result "1/2-1/2"]
[WhiteElo "2094"]
[BlackElo "2114"]
[PlyCount "84"]
[EventDate "2017.??.??"]
[EventType "tourn (corr)"]
[EventRounds "10"]
[EventCountry "GER"]
[SourceTitle "Corr 2020"]
[Source "ChessBase"]
[SourceDate "2019.09.30"]
[SourceVersion "1"]
[SourceVersionDate "2019.09.30"]
[SourceQuality "1"]

1. e4 e5 2. Nf3 Nc6 3. Bb5 Nf6 4. d3 Bc5 5. Bxc6 dxc6 6. Nbd2 0-0 7. Nc4 Nd7 8. 0-0 Re8 9. c3 Bf8 10. Qc2 a5 11. a4 f6 12. Be3 Nc5 13. Bxc5 Bxc5 14. Nxa5 Rxa5 15. b4 Bxf2+ 16. Qxf2 Ra6 17. Rfd1 Qe7 18. h3 Be6 19. a5 Raa8 20. Re1 h6 21. d4 exd4 22. Qxd4 Rad8 23. Qa7 Rd3 24. Qxb7 Rxc3 25. a6 Bc8 26. Qa7 c5 27. e5 f5 28. Qa8 Be6 29. Qb7 cxb4 30. a7 Qc5+ 31. Kh2 Bd5 32. a8Q Rxa8 33. Rxa8+ Kh7 34. Rh8+ Kxh8 35. Qc8+ Kh7 36. Qxf5+ Kg8 37. Nh4 b3 38. e6 Qd6+ 39. Re5 b2 40. e7 Bf7 41. Qc8+ Kh7 42. Qf5+ Kg8 1/2-1/2

[Event "GER MS-231 email"]
[Site "GER email"]
[Date "2015.12.06"]
[Round "?"]
[White "Mihatsch, Thomas"]
[Black "Gierden, Horst"]
[Result "1/2-1/2"]
[WhiteElo "2053"]
[BlackElo "2047"]
[PlyCount "42"]
[EventDate "2015.12.12"]
[EventType "tourn (corr)"]
[EventRounds "6"]
[EventCountry "GER"]
[SourceTitle "Corr 2020"]
[Source "ChessBase"]
[SourceDate "2019.09.30"]
[SourceVersion "1"]
[SourceVersionDate "2019.09.30"]
[SourceQuality "1"]

1. e4 c5 2. Nf3 d6 3. d4 cxd4 4. Nxd4 Nf6 5. Nc3 a6 6. Bg5 e6 7. f4 Qc7 8. Bxf6 gxf6 9. Qd2 Nc6 10. 0-0-0 Bd7 11. Be2 h5 12. Kb1 0-0-0 13. h4 Kb8 14. Bf3 Nxd4 15. Qxd4 Be7 16. f5 Rc8 17. Rhe1 Qc5 18. Qd2 Rc7 19. g3 Bf8 20. a3 Qe5 21. Qf4 Rc5 1/2-1/2

[Event "GER MS-231 email"]
[Site "GER email"]
[Date "2015.12.06"]
[Round "?"]
[White "Mihatsch, Thomas"]
[Black "Watson, Roland"]
[Result "1-0"]
[WhiteElo "2053"]
[BlackElo "2098"]
[PlyCount "67"]
[EventDate "2015.12.12"]
[EventType "tourn (corr)"]
[EventRounds "6"]
[EventCountry "GER"]
[SourceTitle "Corr 2020"]
[Source "ChessBase"]
[SourceDate "2019.09.30"]
[SourceVersion "1"]
[SourceVersionDate "2019.09.30"]
[SourceQuality "1"]

1. e4 c5 2. Nf3 d6 3. d4 cxd4 4. Nxd4 Nf6 5. Nc3 a6 6. Bg5 e6 7. f4 Qb6 8. Qd3 Qxb2 9. Rb1 Qa3 10. f5 Be7 11. fxe6 fxe6 12. Be2 Qa5 13. Bd2 Qc7 14. g4 h6 15. Qh3 e5 16. Nf5 Bxf5 17. gxf5 Nbd7 18. 0-0 Rf8 19. Kh1 Rf7 20. Qg2 Rc8 21. Rf3 Nb6 22. Rg3 Bd8 23. Rg1 Qe7 24. a4 Rc5 25. Bd3 Nc4 26. Be1 Nb2 27. Rxg7 Rxg7 28. Qxg7 Qxg7 29. Rxg7 b5 30. axb5 Nxd3 31. cxd3 axb5 32. Rb7 Ba5 33. Bh4 b4 34. Nb5 1-0

[Event "GER T228-B97-S email"]
[Site "GER email"]
[Date "2015.09.12"]
[Round "?"]
[White "Mihatsch, Thomas"]
[Black "Schoenberger, Kay"]
[Result "1-0"]
[WhiteElo "2053"]
[BlackElo "2027"]
[PlyCount "119"]
[EventDate "2015.09.18"]
[EventType "tourn (corr)"]
[EventRounds "8"]
[EventCountry "GER"]
[SourceTitle "Corr 2020"]
[Source "ChessBase"]
[SourceDate "2019.09.30"]
[SourceVersion "1"]
[SourceVersionDate "2019.09.30"]
[SourceQuality "1"]

1. e4 c5 2. Nf3 d6 3. d4 cxd4 4. Nxd4 Nf6 5. Nc3 a6 6. Bg5 e6 7. f4 Qb6 8. Qd2 Nc6 9. Bxf6 gxf6 10. Nb3 Bd7 11. 0-0-0 0-0-0 12. Be2 h5 13. Rhf1 Be7 14. Rf3 h4 15. Qe1 Rhg8 16. Bf1 Kb8 17. Kb1 Rc8 18. Rh3 Rg4 19. Rxh4 Rxh4 20. Qxh4 f5 21. Qe1 fxe4 22. Nxe4 d5 23. Nc3 Nb4 24. Qd2 Bf6 25. g4 a5 26. Nd4 Ka8 27. g5 Bh8 28. Bb5 Nc6 29. Bxc6 bxc6 30. Nf3 c5 31. h4 d4 32. Ne4 Rb8 33. c4 Ba4 34. Rc1 d3 35. Ne5 Bc2+ 36. Rxc2 dxc2+ 37. Qxc2 Qd8 38. Nd3 Qd4 39. Nexc5 Qg1+ 40. Qc1 Bxb2 41. Qxg1 Bd4+ 42. Kc2 Bxg1 43. h5 Rc8 44. Nd7 Rxc4+ 45. Kb1 Rc7 46. N7e5 Bd4 47. h6 Kb8 48. h7 Rc8 49. Nxf7 Bg7 50. g6 a4 51. a3 Re8 52. Kc2 Ka7 53. Kd2 Kb6 54. f5 exf5 55. Nf4 Re4 56. Nh5 Ba1 57. g7 Rd4+ 58. Kc2 Rc4+ 59. Kb1 Bxg7 60. Nxg7 1-0

[Event "GER Cup19 sf30 serv"]
[Site "GER email"]
[Date "2013.07.14"]
[Round "?"]
[White "Mihatsch, Thomas"]
[Black "Langheld, Werner"]
[Result "1-0"]
[WhiteElo "2018"]
[BlackElo "1945"]
[PlyCount "93"]
[EventDate "2013.07.20"]
[EventType "tourn (corr)"]
[EventRounds "6"]
[EventCountry "GER"]
[SourceTitle "Corr 2015"]
[Source "ChessBase"]
[SourceDate "2015.07.17"]
[SourceVersion "1"]
[SourceVersionDate "2015.07.17"]
[SourceQuality "1"]

1. e4 e6 2. d4 d5 3. Nc3 Bb4 4. e5 c5 5. a3 Bxc3+ 6. bxc3 Ne7 7. Qg4 0-0 8. Bd3 f5 9. exf6 Rxf6 10. Bg5 Rf7 11. Qh5 g6 12. Qd1 Qa5 13. Bd2 Nbc6 14. Nf3 c4 15. Be2 Nf5 16. h4 h5 17. 0-0 Bd7 18. Re1 Re8 19. Bf1 Nd6 20. Qc1 Rxf3 21. gxf3 Nf5 22. Be2 Rf8 23. Kh1 Kh7 24. Rb1 b6 25. a4 Nxh4 26. Qa3 Rf7 27. Bg5 Nf5 28. f4 Nce7 29. Ra1 Nc8 30. Bf1 Ncd6 31. Bh3 Kg7 32. Bd8 Bc8 33. Rg1 Ne4 34. Bxf5 exf5 35. f3 Qxc3 36. fxe4 Qxa3 37. Rxa3 fxe4 38. Bg5 Rf8 39. a5 b5 40. a6 Bd7 41. Kg2 Kf7 42. Kf2 Ke6 43. Ke3 Kf7 44. Ra5 Rb8 45. Bh4 Bf5 46. Be1 Bd7 47. Bb4 1-0

[Event "GER 1. Rucki-Zucki-Cup/V12 email"]
[Site "GER email"]
[Date "2010.12.16"]
[Round "?"]
[White "Bieker, Peter"]
[Black "Mihatsch, Thomas"]
[Result "0-1"]
[WhiteElo "1664"]
[BlackElo "2005"]
[PlyCount "122"]
[EventDate "2010.12.22"]
[EventType "tourn (corr)"]
[EventRounds "6"]
[EventCountry "GER"]
[SourceTitle "Corr 2015"]
[Source "ChessBase"]
[SourceDate "2015.07.17"]
[SourceVersion "1"]
[SourceVersionDate "2015.07.17"]
[SourceQuality "1"]
[WhiteTeam "Germany"]
[BlackTeam "Latvia"]
[WhiteTeamCountry "GER"]
[BlackTeamCountry "LAT"]

1. d4 f5 2. Bf4 Nf6 3. e3 e6 4. Nf3 Bb4+ 5. c3 Bd6 6. Ne5 Be7 7. Nd2 d6 8. Nd3 0-0 9. Be2 Nd5 10. Bg3 Nf6 11. 0-0 Nc6 12. c4 b6 13. Bf3 d5 14. Rc1 Bb7 15. cxd5 exd5 16. Qb3 Rc8 17. Nc5 Bxc5 18. dxc5 Qd7 19. Rfe1 Rfe8 20. Bh4 Ne4 21. Nxe4 fxe4 22. Be2 Nd8 23. Red1 Ne6 24. Bg4 Qc6 25. cxb6 Qxb6 26. Rc3 Qa6 27. Rxd5 Bxd5 28. Qxd5 c5 29. Bf5 Kh8 30. h3 c4 31. g4 h6 32. Kg2 Qc6 33. Qxc6 Rxc6 34. Bxe6 Rexe6 35. Rc2 Kh7 36. f4 exf3+ 37. Kxf3 Rc7 38. Ke2 Kg6 39. Bg3 Rce7 40. Bf2 Ra6 41. a3 Rc6 42. Bh4 Re4 43. Kf3 Re8 44. Be1 Rf6+ 45. Ke2 Re4 46. Bc3 Rfe6 47. Bd2 h5 48. Kf3 Kg5 49. Rc1 Re8 50. Rh1 a5 51. Rc1 a4 52. Rc3 Kh4 53. Rc1 g6 54. gxh5 Kxh5 55. Rg1 Rh4 56. Rg3 Re5 57. e4 g5 58. Be3 Rb5 59. Bd2 Kg6 60. Bc3 Rb7 61. e5 Rd7 0-1

[Event "GER 1. Rucki-Zucki-Cup/V12 email"]
[Site "GER email"]
[Date "2010.12.16"]
[Round "?"]
[White "Mihatsch, Thomas"]
[Black "Buscher, Michael"]
[Result "1/2-1/2"]
[WhiteElo "2005"]
[BlackElo "2039"]
[PlyCount "45"]
[EventDate "2010.12.22"]
[EventType "tourn (corr)"]
[EventRounds "6"]
[EventCountry "GER"]
[SourceTitle "Corr 2015"]
[Source "ChessBase"]
[SourceDate "2015.07.17"]
[SourceVersion "1"]
[SourceVersionDate "2015.07.17"]
[SourceQuality "1"]

1. e4 c5 2. Nf3 d6 3. d4 cxd4 4. Nxd4 Nf6 5. Nc3 a6 6. Bg5 e6 7. f4 Qb6 8. Qd2 Qxb2 9. Rb1 Qa3 10. f5 Nc6 11. fxe6 fxe6 12. Nxc6 bxc6 13. e5 dxe5 14. Bxf6 gxf6 15. Ne4 Qxa2 16. Rd1 Be7 17. Be2 0-0 18. 0-0 f5 19. Qh6 Qxc2 20. Rd3 Qxe2 21. Rg3+ Kf7 22. Rxf5+ exf5 23. Rg7+ 1/2-1/2

[Event "GER 1. Rucki-Zucki-Cup/V12 email"]
[Site "GER email"]
[Date "2010.12.16"]
[Round "?"]
[White "Mihatsch, Thomas"]
[Black "Wilshusen, Horst"]
[Result "1-0"]
[WhiteElo "2005"]
[BlackElo "1713"]
[PlyCount "47"]
[EventDate "2010.12.22"]
[EventType "tourn (corr)"]
[EventRounds "6"]
[EventCountry "GER"]
[SourceTitle "Corr 2015"]
[Source "ChessBase"]
[SourceDate "2015.07.17"]
[SourceVersion "1"]
[SourceVersionDate "2015.07.17"]
[SourceQuality "1"]
[WhiteTeam "Germany"]
[BlackTeam "Latvia"]
[WhiteTeamCountry "GER"]
[BlackTeamCountry "LAT"]

1. e4 c6 2. d4 d5 3. e5 Bf5 4. Nf3 e6 5. Be2 Nd7 6. 0-0 Be7 7. b3 h5 8. c4 g5 9. Nc3 h4 10. Ne1 Nh6 11. h3 Bb4 12. Bd2 Qe7 13. Nd3 Bxd3 14. Bxd3 0-0-0 15. cxd5 exd5 16. f4 Rdg8 17. fxg5 Bxc3 18. Bxc3 Qxg5 19. Qe2 Nf8 20. Bd2 Qe7 21. Rf6 Ng6 22. Raf1 Rg7 23. e6 Ng8 24. Rxf7 1-0

[Event "GER ML-347 email"]
[Site "GER email"]
[Date "2009.??.??"]
[Round "?"]
[White "Jacobs, Rudolf"]
[Black "Mihatsch, Thomas"]
[Result "1/2-1/2"]
[WhiteElo "2035"]
[BlackElo "1997"]
[PlyCount "75"]
[EventDate "2009.??.??"]
[EventType "tourn (corr)"]
[EventRounds "6"]
[EventCountry "GER"]
[SourceTitle "Corr 2011"]
[Source "ChessBase"]
[SourceDate "2010.08.31"]
[SourceVersion "1"]
[SourceVersionDate "2010.08.31"]
[SourceQuality "1"]

1. e4 e5 2. Nf3 Nc6 3. Bb5 a6 4. Ba4 Nf6 5. 0-0 Nxe4 6. d4 b5 7. Bb3 d5 8. dxe5 Be6 9. Nbd2 Be7 10. c3 0-0 11. Re1 Nc5 12. Bc2 d4 13. cxd4 Nxd4 14. Nxd4 Qxd4 15. Nf3 Qb4 16. Qd4 Qc4 17. Qxc4 bxc4 18. Nd4 Nd3 19. Bxd3 cxd3 20. Rd1 Bg4 21. f3 Bc5 22. Be3 Bxd4 23. Bxd4 Bf5 24. Kf2 Rfd8 25. Ke3 f6 26. g4 fxe5 27. Bc3 Be6 28. Rxd3 Rxd3+ 29. Kxd3 Bd5 30. Ke3 Rf8 31. Rf1 Re8 32. b3 g5 33. h4 h6 34. Bb4 Kf7 35. Rf2 Kg6 36. h5+ Kf7 37. Rf1 Ke6 38. Rf2 1/2-1/2